Transport in the United Kingdom (Record no. 9087)
[ view plain ]
| 000 -LEADER | |
|---|---|
| fixed length control field | 00754nac a22002171u 4500 |
| 020 ## - INTERNATIONAL STANDARD BOOK NUMBER | |
| International Standard Book Number | 0333278275 (pbk) : |
| 020 ## - INTERNATIONAL STANDARD BOOK NUMBER | |
| International Standard Book Number | 0333278267 (cased) : |
| 082 ## - DEWEY DECIMAL CLASSIFICATION NUMBER | |
| Classification number | 380.5094118 |
| Item number | MAL |
| 090 ## - LOCALLY ASSIGNED LC-TYPE CALL NUMBER (OCLC); LOCAL CALL NUMBER (OCLC) | |
| -- | 9087 |
| -- | 9087 |
| 100 ## - MAIN ENTRY--PERSONAL NAME | |
| Personal name | Maltby, D. |
| 245 ## - TITLE STATEMENT | |
| Title | Transport in the United Kingdom |
| Remainder of title | D. Maltby and H.P. White. |
| 260 ## - PUBLICATION, DISTRIBUTION, ETC. (IMPRINT) | |
| Place of publication, distribution, etc | London : |
| Name of publisher, distributor, etc | Macmillan, 1982. |
| Date of publication, distribution, etc | c1982. |
| 300 ## - PHYSICAL DESCRIPTION | |
| Extent | xii,207p. : |
| Other physical details | ill., maps ; |
| Dimensions | 25cm. |
| 500 ## - GENERAL NOTE | |
| General note | Distributer: Al-Ahram |
| 500 ## - GENERAL NOTE | |
| General note | Includes bibliographical references and index. |
| 511 ## - PARTICIPANT OR PERFORMER NOTE | |
| Participant or performer note | Catalogued by: Sara |
| 650 ## - SUBJECT ADDED ENTRY--TOPICAL TERM | |
| Topical term or geographic name as entry element | Transportation -- Great Britain. |
| 650 ## - SUBJECT ADDED ENTRY--TOPICAL TERM | |
| Topical term or geographic name as entry element | Great Britain Transport |
| 700 ## - ADDED ENTRY--PERSONAL NAME | |
| Personal name | White, H. P. (Henry Patrick), |
| Dates associated with a name | 1920- |
| 942 ## - ADDED ENTRY ELEMENTS (KOHA) | |
| Item type | Book - Borrowing |
| Call number prefix | 380.5094118MAL |
| Withdrawn status | Item status | Damaged status | Not for loan | Home library | Current library | Shelving location | Date acquired | Source of acquisition | Total Checkouts | Full call number | Barcode | Date last seen | Koha item type |
|---|---|---|---|---|---|---|---|---|---|---|---|---|---|
| Central Library | Central Library | First floor | 08/04/2013 | Purchase | 380.5094118MAL | 000011033 | 15/07/2025 | Book - Borrowing |